000 00413nam a22001457a 4500
003 OSt
008 200820b ||||| |||| 00| 0 eng d
020 _a978381450673
082 _a551.6
_bLEN/CL
100 _aLenka,S.L.
_aLenka,N.K.
_aKundu,S
_aSubba Rao,A
_95011
245 _aClimate change and natural resource management
260 _aNew Delhi
_bNew India Publishing Agency
_c2013
300 _a367
942 _cBK
999 _c16301
_d16301